000 00688nam a2200229Ia 4500
003 OSt
005 20220927104447.0
006 a|||||r|||| 00| 0
007 ta
008 220926b |||||||| |||| 00| 0 eng d
024 _a152297
037 _cReference Collections
040 _aRTL
_cRTL
_beng
041 _2eng
_aeng
082 _a"X9*(J:1).79172.N6s, K6.3-1/UN"
110 _a"UNITED NATIONS, FOOD AND AGRICULTURE ORGANIZATION."
245 0 _aReport
260 _c1966
700 _a"UNITED NATIONS, FOOD AND AGRICULTURE ORGANIZATION."
942 _h"X9*(J:1).79172.N6s, K6.3-1/UN"
_cCC
999 _c687609
_d687609